States Where Mark Twain Lived - Statistics

General Stats
  • This quiz has been taken 109 times
  • The average score is 4 of 7
Answer Stats
State % Correct
New York
81%
Missouri
75%
California
68%
Ohio
43%
Connecticut
38%
Nevada
38%
Pennsylvania
36%
No matching quizzes found
Score Distribution
Percent of People with Each Score
Percentile by Number Answered
Your Score History
You have not taken this quiz